Statistics for Musical Acts by Country #1

Click here to take the quiz!

General Stats

  • This quiz has been taken 44,667 times
    (34,708 since last reset)
  • The average score is 14 of 20

Answer Stats

Musician or GroupCountry% Correct
Michael JacksonUnited States
100%
The BeatlesUnited Kingdom
98%
ABBASweden
91%
Bob MarleyJamaica
90%
Wolfgang Amadeus MozartAustria
85%
Celine DionCanada
84%
Enrique IglesiasSpain
83%
U2Ireland
83%
Luciano PavarottiItaly
83%
ShakiraColombia
82%
Carlos SantanaMexico
73%
Ravi ShankarIndia
73%
BjörkIceland
72%
AC/DCAustralia
71%
KraftwerkGermany
71%
David GuettaFrance
54%
Antonio Carlos JobimBrazil
43%
Flight of the ConchordsNew Zealand
41%
Tiësto Netherlands
28%
Jean SibeliusFinland
26%

Score Distribution

Percentile by Number Answered

Percent of People with Each Score

Your Score History

You have not taken this quiz since the last reset